000 00633nam a2200253Ia 4500
005 20260121155319.0
008 008 260114s9999 xx 000 0 eng d
020 _a9781315225852
037 _aEBOOK
040 _aCRL
040 _beng
040 _cCRL
041 _2eng
041 _aeng
084 _qCRL
100 _a Stewart Goetz; Joshua W. Seachris
_91017985
245 0 _aWhat is this thing called The Meaning of Life?
260 _bTaylor and Francis
260 _c2020
856 _uhttp://www.taylorfrancis.com/books/9781315225852
942 _cEBOOK
999 _c1584804
_d1584804